000 00509nam a22001937a 4500
003 NUST - PNEC
005 20170116180756.0
008 150407b xxu||||| |||| 00| 0 eng d
020 _a-
040 _cLIBRARY
082 _a954.91 FIR
100 _92145
_aFirdousi, Zubaid Ahmed.
245 _aEagle over pakistan
_cZubaid Ahmad Firdousi
250 _a-
260 _aLahore
_bMustafa Waheed Book Traders
_cc1988.
300 _a342 p. :
_c22 cm.
650 _92154
_aPakistan
_xGeneral
942 _2ddc
_cBK
999 _c62777
_d62777